00707nam a22002417a 45000050016000000100015000160200011000310350013000420370013000550820012000681000012000802450096000922500011001882600041001992700053002403000033002934900020003265050067003466500008004136500014004216500017004357000013004522010082302552.0 aENG-101310 c500.00 aEN-84843 bDBAD/PUB a347.052 aManohar aThe AIR manual :bunrepealed central acts (civil and criminal) /cby Manohar [and] Chitaley a6th ed aNagpurbThe All India Reporterc2004 aPost Box No. 209, Congress NagarbNagpure440012 av.17 (xii,1260p.)c25cm (Hb) aAIR publication aV.17- Criminal Procedure Code, 1973 Section 145 to Section 247 aLaw aCivil law aCriminal law aChitaley